000
00299nam a22001337a 4500
008
171106b xxu||||| |||| 00| 0 eng d
020
_a
9789928105516
041
_a
alb
080
_a
330.722.6
100
_a
62
101
_a
KON
245
_a
KONTABILITETI FINANCIAR
_c
DHAMO,S.M
942
_2
udc
_c
BK
999
_c
37903
_d
37903